Manual de psicoterapia de grupo /

Saved in:
Bibliographic Details
Main Author: Kadis, Asya (autor)
Format: Book
Language:Español
Series:(Biblioteca de Psicología y Psicoanálisis FCE)
Subjects:
Tags: Add Tag
No Tags, Be the first to tag this record!

MARC

LEADER 00000nam^a2200000^a^4500
001 000072563
005 20250521000000.0
009 20260526120526.555
037 |a Acervo ITESO - Biblioteca 
041 |a ESP 
082 |a 157. 9  |b KAD 
100 |a Kadis, Asya  |e (autor) 
245 1 0 |a Manual de psicoterapia de grupo /  |c A. Kadis... [et al.] ; tr. por Alejandro Licona. 
264 |a México :  |b Fondo de Cultura Económica,  |c 1969 
300 |a 212 p. 
336 |a texto  |b txt  |2 rdacontenido 
337 |a sin mediación  |b n  |2 rdamedio 
338 |a volumen  |b nc  |2 rdasoporte 
440 1 |a (Biblioteca de Psicología y Psicoanálisis FCE) 
500 |a Traducción de: A Practicum of Group Psychotherapy 
649 |a XX 
650 |a Psicoterapia Grupal 
650 |a Psicología Clínica 
910 |a Fondo Armando Suárez Gómez 
920 |a Impresos - Libros 
930 |a Fondos Especiales 
905 |a 111 
901 |a 0700006787  |b IT2  |c ESP  |u 20250521 
902 |a https://opac.biblio.iteso.mx/vufind/Record/000072563